LIBRARY & INFORMATION CENTRE, KCAET, TAVANUR

ONLINE PUBLIC ACCESS CATALOGUE (OPAC)

Blacks`s veterinary dictionary / (Record no. 9949)

MARC details
000 -LEADER
fixed length control field 00491cam a2200193ua 4500
041 ## - LANGUAGE CODE
Language code of text/sound track or separate title eng
082 ## - DEWEY DECIMAL CLASSIFICATION NUMBER
Classification number 028.73636
Item number MIL/BI
100 ## - MAIN ENTRY--AUTHOR NAME
Personal name Miller, William C .
245 ## - TITLE STATEMENT
Title Blacks`s veterinary dictionary /
250 ## - EDITION STATEMENT
Edition statement 7 /
260 ## - PUBLICATION, DISTRIBUTION, ETC. (IMPRINT)
Place of publication London :
Name of publisher Adam and Charles Black ,
Year of publication 1964.
300 ## - PHYSICAL DESCRIPTION
Number of Pages 1017 ; .
700 1# - ADDED ENTRY--PERSONAL NAME
Personal name West, Geoffrey P.
942 ## - ADDED ENTRY ELEMENTS (KOHA)
Koha item type Books
Holdings
Withdrawn status Lost status Damaged status Home library Current library Date acquired Full call number Accession Number Koha item type
      KAUAET KAUAET 07/04/2012 028.73636 10391 Reference
free website counter